Inspirational guide for the implementation of PRME placing sustainability at the heart of management education /

Bibliographic Details
Corporate Authors: Principles for Responsible Management Education (Initiative), ProQuest (Firm)
Other Authors: Escudero, Manuel.
Format: Electronic eBook
Language:English
Published: Leeds : GSE Research, 2012.
Subjects:
Online Access:Click to View
LEADER 01857nam a2200373 a 4500
001 EBC3011592
003 MiAaPQ
005 20200520144314.0
006 m o d |
007 cr cn|||||||||
008 130207s2012 enkad s 000 0 eng d
020 |z 9781909201071 
020 |a 9781909201019 (electronic bk.) 
035 |a (MiAaPQ)EBC3011592 
035 |a (Au-PeEL)EBL3011592 
035 |a (CaPaEBR)ebr10650168 
035 |a (OCoLC)923634608 
040 |a MiAaPQ  |c MiAaPQ  |d MiAaPQ 
050 4 |a HF5387  |b .I57 2012 
245 0 0 |a Inspirational guide for the implementation of PRME  |h [electronic resource] :  |b placing sustainability at the heart of management education /  |c [co-editors, Manuel Escudero ... [et al.]]. 
260 |a Leeds :  |b GSE Research,  |c 2012. 
300 |a xi, 325 p. :  |b ill. (some col.) 
505 0 |a section 1. Strategy and change : fostering a sustainability culture centred on PRME -- section 2. Changing curricula and enabling faculty -- section 3. Learning environments conducive to responsible management -- section 4. Aligning PRME and research -- section 5. Fostering PRME partnerships and constant dialogue -- section 6. Managing and consolidating PRME efforts. 
533 |a Electronic reproduction. Ann Arbor, MI : ProQuest, 2015. Available via World Wide Web. Access may be limited to ProQuest affiliated libraries. 
650 0 |a Business ethics. 
650 0 |a Business schools  |x Social aspects. 
650 0 |a Business education  |x Social aspects. 
650 0 |a Business education  |v Case studies. 
650 0 |a Social responsibility of business. 
655 4 |a Electronic books. 
700 1 |a Escudero, Manuel. 
710 2 |a Principles for Responsible Management Education (Initiative) 
710 2 |a ProQuest (Firm) 
856 4 0 |u https://ebookcentral.proquest.com/lib/matrademy/detail.action?docID=3011592  |z Click to View